00593nam a2200205Ia 4500008004100000020001800041050001700059100002000076245002200096245002300118260001300141260002500154260000900179300001500188300002000203300001000223300002800233999001900261952010700280170918s9999 xx 000 0 und d a9781846650727 bSt848tr 2006 aStevenson, R.L. aTreasure island / cby R.L. Stevenson. aLondon : bCharrles Baker Ltd., c2006 a90 pages : billustrations ; c22cm. eCharles baker classics. c343331d343331 001040aSSISMbSSISMd2017-09-18l0oFIC St848tr 2006pSSISM2403r2017-09-18 00:00:00w2017-09-18yBK